| 000 | 00710nam a2200241 a 4500 | ||
|---|---|---|---|
| 008 | |||
| 020 | _a8185386633 (pbk.) | ||
| 049 | _aMAIN | ||
| 090 | _aHF5821 | ||
| 100 | 1 | _aSandage, C.H. | |
| 245 | 1 | 0 |
_aAdvertising theory and practice / _cC. H. Sandage, Vernon Fryburger, Kim Rotzoll |
| 260 |
_aNew Delhi : _bA.I.T.B.S., _c2000 |
||
| 300 | _a11th ed. | ||
| 300 |
_axv, 509 p. : _bill. ; _24 cm. |
||
| 440 | _aThe Irwin Series in marketing. | ||
| 500 | _aIncludes index. | ||
| 504 | _aIncludes bibliographical references. | ||
| 907 |
_a.b10106650 _b19-01-04 _c15-01-04 |
||
| 003 | |||
| 005 | 20230123133602.0 | ||
| 040 | _cNUST | ||
| 942 |
_cBOOKS _kHF5821 |
||
| 999 |
_c151158 _d151158 |
||